Formula One Team Principals - Statistics

General Stats
  • This quiz has been taken 14 times
  • The average score is 8 of 10
Answer Stats
Picture Answer % Correct
Flavio Briatore
100%
Toto Wolff
100%
Frederic Vasseur
92%
James Vowles
92%
Laurent Mekies
92%
Ayao Komatsu
83%
Andrea Stella
75%
Andy Cowell
67%
Jonathan Wheatley
67%
Alan Permane
50%
No matching quizzes found
Score Distribution
Percent of People with Each Score
Percentile by Number Answered
Your Score History
You have not taken this quiz